书目信息 |
| 题名: |
俄英汉基础词典
|
|
| 作者: | 王麦林 编译 | |
| 分册: | ||
| 出版信息: | 北京 电子工业出版社 1989.09 |
|
| 页数: | 945页 | |
| 开本: | 32开 | |
| 丛书名: | ||
| 单 册: | ||
| 中图分类: | H353.1 | |
| 科图分类: | ||
| 主题词: | 俄语 | |
| 电子资源: | ||
| ISBN: | 7-5053-0144-6 | |
| 000 | 00550nam0 2200193 45 | |
| 001 | 0003281558 | |
| 005 | 20000328152246.5 | |
| 010 | @a7-5053-0144-6@d18.00元 | |
| 100 | @a20000328d1989 km y0chiy0120 ea | |
| 101 | @achi | |
| 105 | @a z 000yy | |
| 200 | 1 | @a俄英汉基础词典@AE Ying Han Ji Chu Ci Dian@f王麦林等编译@FWang Mai Lin Deng Bian Yi |
| 210 | @a北京@c电子工业出版社@d1989.09 | |
| 215 | @a945页@d32开 | |
| 606 | 0 | @a俄语 |
| 690 | @aH353.1@v3 | |
| 701 | @a王麦林@4编译 | |
| 801 | @aCN@bPftUser@c20000328 | |
| 905 | @f3@b51899-901@dH353.1@eW454 | |
| 俄英汉基础词典/王麦林等编译.-北京:电子工业出版社,1989.09 |
| 945页;32开 |
| ISBN 7-5053-0144-6:18.00元 |
| ● |
| 相关链接 |
|
|
|
正题名:俄英汉基础词典
索取号:H353.1/W454
 
预约/预借
| 序号 | 登录号 | 条形码 | 馆藏地/架位号 | 状态 | 备注 |
| 1 | 51899 | 200518993 | 语言库209/209语言库 122排1列2层/ [索取号:H353.1/W454] | 在馆 | |
| 2 | 51900 | 200519000 | 语言库209/209语言库 122排1列2层/ [索取号:H353.1/W454] | 在馆 | |
| 3 | 51901 | 200519019 | 语言库209/209语言库 122排1列2层/ [索取号:H353.1/W454] | 在馆 |